Libertés fondamentales : DDHC - Statistiques

Statistiques générales
  • Ce quiz a été pris 5 fois
  • Le résultat moyen est 1 sur 10
Statistiques - réponses
Article Contenu % Correct
Article 1er Principe d'égalité des droits
60%
Article 16 Séparation des pouvoirs
40%
Article 2 Droit à la résistance à l'oppression
0%
Article 17 Droit de propriété privée
0%
Article 4 Nécessité du pouvoir de police administrative
0%
Article 5 Principe de légalité criminelle et de nécessité des infractions
0%
Article 8 Principe de nécessité des peines, de légalité criminelle et de non rétroactivité de la loi pénale
0%
Article 9 Principe de présomption d’innocence et de stricte nécessité de la détention préventive
0%
Article 7 Prohibition des arrestations et des détentions arbitraires
0%
Article 6 Supériorité des la loi et principe d'égalité devant la Loi
0%
Aucun quiz correspondant
Distribution des résultats
% des personnes avec chaque résultat
Percentile par nombre de réponses
Votre historique - résultats
Vous n’avez pas pris ce quiz